000 00295nam a2200121Ia 4500
008 191201s2008 xx 000 0 und d
100 _aKARKARE, Manasi
245 0 _aApplied physics Vol 2
260 _aN. delhi
_bI.K. International
_c2008
300 _a235
650 _aApplied
942 _2ddc
_cBK
999 _c6603
_d6603